|
|
|
|
| LEADER |
00729ncm a22002172a 4500 |
| 001 |
000347719 |
| 003 |
CZ BrMZK |
| 005 |
20120417081359.0 |
| 007 |
qu |
| 008 |
980105s1973 xr f zxx d |
| 040 |
|
|
|a BOA001
|b cze
|
| 072 |
|
7 |
|a 787
|x Hudba pro strunné a smyčcové nástroje
|2 Konspekt
|9 9
|
| 100 |
1 |
|
|a Jirmal, Jiří,
|d 1925-2019
|7 jk01051892
|4 adp
|
| 245 |
1 |
0 |
|a Staří španělští mistři
|h [hudebnina] /
|c přepis z tabulatur provedl a upravil Jiří Jirmal
|
| 250 |
|
|
|a 2. vyd.
|
| 260 |
|
|
|a Praha :
|b Supraphon,
|c 1973
|
| 300 |
|
|
|a 38 s.
|
| 910 |
|
|
|a BOA001
|b Mus4-0665.752-73
|
| 990 |
|
|
|a MU
|
| 991 |
|
|
|b 201204
|
| 996 |
6 |
|
|b 2619853343
|c Mus4-0665.752-73
|l MZK
|r Sklad / do 1 hodiny
|n 0
|w 000347719
|u 000010
|a 1
|e BOA001
|j MZK50
|s P
|